000 00747nam a22003017a 4500
005 20260519194647.0
008 260519b2019 |||||||| |||| 00| 0 eng d
020 _a9780194528573
041 _aING
082 _a428 P297w
100 _aPathare, Gary
245 _aWide angle
260 _aEstados Unidos
260 _bOxford University Press
260 _c2019
300 _a186 páginas
_bContiene ilustraciones y fotografias a color
490 _aEnseñanza de Idiomas
505 _aContiene practica en línea
650 _aINGLÉS
650 _aENSEÑANZA
650 _aAPRENDIZAJE
650 _aVOCABULARIO
650 _aPRONUNCIACIÓN
650 _aLECTURA
650 _aESCRITURA
942 _2ddc
_cBK
999 _c13931
_d13931